000 01799nam a2200445 c 4500
003 BLK
005 20230530100750.0
008 180409b bul|||||r ||||||| ||bul||
010 _aKNG00107023000
020 _a978-954-685-514-5
_bиздат.: СофтПрес
040 _aBLK
041 _aBUL
_cBUL
072 7 _2bullib
_aН63
_xСелско стопанство Н
080 _aКучета
_b636.7
_x.051.081
_z636.7.051.081
100 1 _aФой, Марша А.
_eпърви автор
_9134513
700 1 _aДимов, Димо
_eпод ред. на
_9368713
700 1 _aСтефанов, Цветан
_eпод ред. на
_9277445
700 1 _aБоевска, Елена
_eпрев.
_9309006
139 _aФой, Марша А.
_bФ 67
245 1 0 _aПудел
_bПо стандартите на междунар. федерация по кинология
_cМарша А. Фой; под ред. на Димо Димов; под ред. на Цветан Стефанов; прев. Елена Боевска.
257 _aGBR
260 София
_bСофтПрес
_c2007
_fСофия : Фолиарт
300 _a94 с.
_bс цв. ил.
_c23 см
380 _a63
490 1 _aПоредица Моето куче
500 _aОриг. загл. Poodle / by Marcia A. Foy.
650 4 _aКучета - развъждане и отглеждане
_9277446
653 _aкучета
653 _aкинология
653 _aотглеждане
653 _aдомашни любимци
653 _aпудели
659 _aН
852 _aЦб 255083
856 4 _qpdf
_u
856 4 _qpdf
_u
942 _cKNG
_n0
_04
944 _aCR
_c17.05.2012
_lф /
_kГеновева_Генчева
944 _aED
_c13.07.2012
_lф /
_k
999 _c101966
_d101966